Green Day- Homecoming Lyrics - Statistics

General Stats
  • This quiz has been taken 76 times
  • The average score is 100 of 112
Answer Stats
Answer % Correct
I got a rock 'n' roll ___ car
100%
I am standing all _____ alone
98%
Well, nobody ____ cares
98%
Please call me only if you are ____ home | We're ______ home again coming
98%
Left me here alone and I should've stayed ____ | That's ____ | We're coming ____ again home
98%
We're coming home again | ____ Home
98%
Well, ______ cares nobody
98%
Does _____ care if nobody cares? anyone
96%
He blew his brains out into the ___ bay
96%
I got a kid in the ___ Bay
96%
Jimmy ____ today died
96%
(Where'd you go?) ________ left you, nobody likes you | ________ left you Everyone
96%
(Where'd you go?) They're all out without you, havin' ___ | Havin' ___ fun
96%
I got a rock 'n' roll __________ girlfriend
96%
And I can play the __ guitar
96%
After ten cups of coffee and you're still not ____ | Get me the fuck right out of ____ | Somebody get me out of ____ here
96%
What the hell's your ____? name
96%
In the streets of ____ | St. Jimmy comes without any _____ shame
96%
(Where'd you go?) They're all out _______ you, havin' fun | They're all out _______ you without
96%
Nobody likes ___ | Nobody likes ___, everyone left ___ you
96%
After ten cups of ______, I'm thinking | Like cigarettes and ______ with the underbelly coffee
93%
And Mom and ____ are the ones you can blame" Dad
93%
Do you ____ too much? | This life like _____ ain't for me dream
93%
I play the shit out the _____ drums
93%
(Where'd you __, __, __, __?) go
93%
The Saint ______ is the spark in the night Jimmy
93%
I got a rock 'n' roll ____ life
93%
My heart is beating from __ me
93%
I got a kid in ___ ____ New York
93%
Anybody get me ____ of here | Out, ___ | Out, ___ (right) out
93%
Waste a night or ___ two
93%
And another ex-____ wife
93%
I got a rock 'n' roll _____ house
91%
You taught me how to ____ live
91%
Off of __ case my
91%
Get me out of here right ___ | Get me outta here right ___ now
91%
It's my own _______ suicide private
91%
He's not listening to a ____ now word
91%
I fell ______ while watching Spike TV asleep
89%
So get off my ____, off of my ____ case
89%
At the _______ on East 12th Street facility
89%
He says, "We're fucked up, but we're not the ____ same
89%
He'd rather be doing ________ else now something
89%
I haven't drank or smoked nothin' in over __ days 22
87%
We're coming home _____ again
87%
Where you've lost your ______ in the rain dreams
87%
I just want to be ____, is there a possibility? free
87%
Like a desperation murmur of a _________ (ooh, ooh-ooh) heartbeat
87%
There's no signs of ____ hope
87%
_____ filling out paperwork now Jesus
87%
Here they come _________ down the street (ooh, ooh-ooh) marching
87%
He's in his own world and he's _________ daydreaming
85%
Coming back from the ____ of town edge
85%
A fixture in the city of ____ lust
85%
Cause ____ had enough and he had plenty she
85%
So far away, I don't want to ____ stay
85%
I got a rock 'n' roll ____ band
83%
I started fucking running as soon as my feet touched ______ ground
83%
So send my love a ________, and visit me in Hell letterbomb
83%
What is your ____? pain
83%
In the _____ of mind state
83%
Underneath ____ feets their
83%
____ coming home again We're
83%
The world is spinning 'round and 'round out of _______ again control
80%
Their time has come, and it's going _______ (ooh, ooh-ooh) nowhere
80%
Waste another ____ flies by year
80%
His life's on the line with ______ now anxiety
78%
The stems and seeds of the last of the ____ dope
78%
In the ______ heat summer
78%
Do you think what you need is a ______? crutch
76%
Nobody ever said that life was ____ now (ooh, ooh-ooh) fair
74%
We're the ones _____ going
72%
The 7-11 to the fear of ________ down breaking
70%
Bearing gifts and _____ trust
67%
What's your ________? pleasure
65%
There's a ____ of light glow
59%
Go-carts and guns are _________ they will bear treasures
52%
In the _____ of pain crowd
50%
We're back in the ______ and to you and me, that's Jingletown barrio
41%
No matching quizzes found
Score Distribution
Percent of People with Each Score
Percentile by Number Answered
Your Score History
You have not taken this quiz